BIBLIOTECA

SENCICO

Metodología del diseño / (Registro nro. 389)

Detalles MARC
000 -LEADER
fixed length control field 01204nam a2200241Ia 4500
003 - CONTROL NUMBER IDENTIFIER
control field PE SENCICO BE
005 - DATE AND TIME OF LATEST TRANSACTION
control field 20251020182436.0
008 - FIXED-LENGTH DATA ELEMENTS--GENERAL INFORMATION
fixed length control field 200515s9999 xx 000 0 und d
040 ## - CATALOGING SOURCE
Original cataloging agency PE SENCICO BE
Transcribing agency PE SENCICO BE
041 ## - LANGUAGE CODE
Language code of text/sound track or separate title spa
082 ## - DEWEY DECIMAL CLASSIFICATION NUMBER
Classification number 745.4
Item number A48
100 1# - MAIN ENTRY--PERSONAL NAME
Personal name Ambrose, Gavin
9 (RLIN) 462
Relator term autor
245 10 - TITLE STATEMENT
Title Metodología del diseño /
Statement of responsibility, etc. Gavin Ambrose, Paul Harris
250 ## - EDITION STATEMENT
Edition statement 1a ed.
260 ## - PUBLICATION, DISTRIBUTION, ETC.
Place of publication, distribution, etc. Barcelona :
Name of publisher, distributor, etc. Parramón arquitectura y diseño ;
Date of publication, distribution, etc. 2010
300 ## - PHYSICAL DESCRIPTION
Extent 199 p. :
Other physical details il. col., diagrs. ;
Dimensions 23 cm.
505 0# - FORMATTED CONTENTS NOTE
Formatted contents note Fases del planteamiento -- Investigación -- Generación de ideas -- Perfeccionamiento -- Creación de prototipos -- Implementación
520 3# - SUMMARY, ETC.
Summary, etc. Presenta diferentes aspectos de la metodología del diseño a través de capitulos dedicados a temas especificos. Cada capítulo ofrece numerosos ejemplos de importantes estudios de diseño contemporáneo, en los que se muestra una metodología de diseño única y creativa junto a un detallado análisis para explicar los motivos que justifican las opciones de diseño escogidas
650 10 - SUBJECT ADDED ENTRY--TOPICAL TERM
Topical term or geographic name entry element Diseño
9 (RLIN) 965
650 20 - SUBJECT ADDED ENTRY--TOPICAL TERM
Topical term or geographic name entry element Comunicación en diseño
9 (RLIN) 967
700 1# - ADDED ENTRY--PERSONAL NAME
9 (RLIN) 2587
Personal name Harris, Paul
Relator term autor
942 ## - ADDED ENTRY ELEMENTS (KOHA)
Koha item type Libros
Source of classification or shelving scheme Dewey Decimal Classification
Existencias
Fecha de la última vez que lo usaron Número de ingreso o de inventario Pago total Signatura topográfica completa Código de barras Precio efectivo desde Tipo de documento Estado perdido Sistema de clasificación Estado dañado No es para préstamo Retirado Ubicación permanente Ubicación actual Fecha de adquisición
15/05/2020 14866   745.4/A48 BibLima24100007 20/10/2025 Libros   Dewey Decimal Classification       Biblioteca Central Lima Biblioteca Central Lima 09/10/2024